| 000 | 01650nam a2200445 c 4500 | ||
|---|---|---|---|
| 001 | 53707 | ||
| 003 | ES-MaCES | ||
| 005 | 20250701102935.0 | ||
| 007 | cr ||||||||||| | ||
| 008 | 250701s2025 uk 000 | eng d | ||
| 020 | _a9781447371885 | ||
| 020 | _a9781447371892 (OA pdf) | ||
| 040 |
_aES-MaCES _bspa _cES-MaCES |
||
| 245 | 0 | 0 |
_aDigital public employment services in action _ced. by Didier Demazière ... [et al. ] |
| 250 | _a1st ed | ||
| 260 |
_aBristol _bPolicy Press, an imprint of University of Bristol _c2025 |
||
| 300 |
_aXI, 242 p. _c24 cm _e1 documento pdf (13,5 mb) |
||
| 500 | _aÍndices | ||
| 504 | _aBibliografía | ||
| 520 | 3 | _aEste libro ofrece una exploración exhaustiva de la transformación digital en curso de los servicios públicos de empleo (SPE), la transformación más radical del estado del bienestar en una generación. | |
| 541 | _cCompra | ||
| 650 | 4 |
_anuevas tecnologías _930788 |
|
| 650 | 4 |
_acambio tecnológico _928236 |
|
| 650 | 4 |
_aservicio de empleo _928311 |
|
| 650 | 4 |
_asistema de información sobre el mercado de trabajo _930596 |
|
| 650 | 4 |
_acolocación _929189 |
|
| 650 | 4 |
_aempleo _928299 |
|
| 650 | 4 |
_adesempleo _928308 |
|
| 650 | 4 |
_abúsqueda de empleo _927759 |
|
| 650 | 4 |
_afomento del empleo _930270 |
|
| 650 | 4 |
_apolítica de empleo _928300 |
|
| 650 | 4 |
_aEstado-Benefactor _929481 |
|
| 650 | 4 |
_apolítica social _927029 |
|
| 653 | 1 | 0 | _aEmpleo |
| 700 | 1 |
_aDemazière, Didier _941364 _eed. lit. |
|
| 710 | 2 |
_941365 _aUniversity of Bristol |
|
| 856 | 4 |
_uhttp://biblioteca.ces.es/repintra/B53707.pdf _ytexto completo |
|
| 902 | _aLIB Libro | ||
| 942 |
_2CES _cBK _h2.1. |
||
| 999 |
_c53707 _d53707 |
||